Les Traitres - M6 - Saison 2 - Statistiques

Statistiques générales
  • Ce quiz a été pris 96 fois
  • Le résultat moyen est 10 sur 18
Statistiques - réponses
Statut Occupation Rôle Candidats % Correct
Vainqueurs Youtubeuse fitness Traitre Juju Fitcats
92%
Éliminé (Conseil) Youtuber fitness Loyal Tibo InShape
83%
Éliminé (Conseil Final) Personnalité politique, candidat aux élections présidentielles en 2017 et 2022 Loyal Jean Lassalle
70%
Éliminé (Conseil Final) Youtubeuse Loyale Andy Raconte
63%
Éliminé (Conseil Final) Fils d'un célèbre présentateur télévisé, mannequin et influenceur TikTok Loyal Tom Pernaut
62%
Éliminée (Conseil Final) Chef cuisinier, ancien candidat de Top Chef et animateur de télévision Traitre Norbert Tarayre
61%
Éliminé (Traîtres) Quadruple participant de Koh-Lanta, chauffeur de maître et animateur de télévision Loyal Claude Dartois
59%
Éliminé (Traîtres) Championne olympique d'escrime et ancienne Ministre des Sports Loyale Laura Flessel
59%
Éliminé (Conseil) Comédien Loyal Vincent Desagnat
59%
Éliminé (Conseil) Actrice Traitre Charlotte de Turckheim
58%
Éliminé (Conseil) Animateur TV et radio Traitre Guillaume Pley
58%
Éliminé (Traîtres) Chanteuse, animatrice de télévision canadienne et coach yoga Loyale Natasha St-Pier
55%
Deuxième Miss France 1987, mannequin, comédienne Loyale Nathalie Marquay-Pernaut
54%
Éliminé (Traîtres) Philosophe, compositeur Loyal Vincent Cespedes
52%
Deuxième Présentatrice météo, Miss Aquitaine 2015 Loyale Gennifer Demey
51%
Éliminé (Conseil) Antiquaire et acheteuse dans Affaire conclue Loyale Caroline Margeridon
46%
Éliminé (Traîtres) Humoriste, acteur et réalisateur Loyal Kheiron
44%
Éliminé (Conseil) Ancien maestro de N'oubliez pas les paroles ! et animateur radio en Belgique Loyal Kristofer Hedia
24%
Aucun quiz correspondant
Distribution des résultats
% des personnes avec chaque résultat
Percentile par nombre de réponses
Votre historique - résultats
Vous n’avez pas pris ce quiz